000 00720cam a2200193 i 4500
005 20251208130400.0
008 250721s1994 ua gr 000 0 ara d
082 1 4 _a216
_bا د ر
100 1 _aإدريس، عبد الفتاح محمود
_eمؤلف.
245 1 0 _aحكم الغناء والمعازف في الفقه الإسلامي /
_cالدكتور عبدالفتاح محمود ادريس.
250 _aالطبعه الثانية.
264 3 1 _aالقاهره :
_bعبد الفتاح محمود إدريس.
_c1994.
300 _a291 صفحة.
650 1 7 _aالإسلام.
650 1 7 _aالفقه الإسلامي.
650 1 7 _aالغناء.
942 _2ddc
_cBK
999 _c19153
_d19153